| 000 | 00509ntaaa2200181 4500 | ||
|---|---|---|---|
| 003 | 01 | ||
| 005 | 20251027202005.0 | ||
| 008 | 0714s1973 ag 01 | ||
| 040 |
_aAR-BaBN _bspa _cAR-BaBN _eaacr _dRIC |
||
| 082 | _a261.0000 D87 | ||
| 100 |
_aDuff, Edward _918495 |
||
| 245 | _aSocial thought of the World Council of Churches | ||
| 250 |
_a1 ed. : _bLongmans, Green and Co., _cc1956 |
||
| 300 | _a339 p. | ||
| 650 |
_aÉtica Social Cristiana _97768 |
||
| 650 |
_aConcilio Mundial de Iglesias _93998 |
||
| 942 | _cBK | ||
| 999 |
_c14647 _d14647 |
||